[Event "Feffernitz op 27th"]
[Site "Feffernitz"]
[Date "2018.08.19"]
[Round "1"]
[White "Leisch, Lukas"]
[Black "Gruber, Othmar"]
[Result "1-0"]
[WhiteElo "2204"]
[BlackElo "1708"]
[PlyCount "71"]
[EventDate "2018.08.19"]
[EventType "swiss"]
[EventRounds "9"]
[EventCountry "AUT"]
[SourceTitle "CBM 186 Extra"]
[Source "ChessBase"]
[SourceDate "2018.08.24"]
[SourceVersion "1"]
[SourceVersionDate "2018.08.24"]
[SourceQuality "1"]

1. Nf3 Nf6 2. g3 d5 3. Bg2 Bf5 4. d3 c6 5. 0-0 e6 6. Nh4 Bg6 7. b3 Be7 8. Bb2 Nbd7 9. Nd2 0-0 10. Nxg6 hxg6 11. e4 dxe4 12. dxe4 Qc7 13. Qe2 Rad8 14. Rfd1 Rfe8 15. e5 Nh7 16. Nc4 Nb6 17. Ne3 Rxd1+ 18. Rxd1 Rd8 19. c4 Rxd1+ 20. Nxd1 Qd8 21. Nc3 Nf8 22. Ne4 Nc8 23. c5 Nd7 24. b4 a6 25. Nd6 Nxd6 26. cxd6 Bf8 27. Bd4 Qb8 28. Qc4 Qd8 29. h4 g5 30. h5 g4 31. Qc1 f5 32. a4 Qb8 33. Qg5 Qe8 34. Qg6 Qf7 35. Bf1 Nb8 36. Bc4 1-0

[Event "Feffernitz Raika op 23rd"]
[Site "Feffernitz"]
[Date "2014.08.16"]
[Round "1"]
[White "Unterreiner, Manuel"]
[Black "Gruber, Othmar"]
[Result "1-0"]
[WhiteElo "2095"]
[BlackElo "1780"]
[PlyCount "61"]
[EventDate "2014.08.16"]
[EventType "swiss"]
[EventRounds "9"]
[EventCountry "AUT"]
[SourceTitle "CBM 161 Extra"]
[Source "ChessBase"]
[SourceDate "2014.08.29"]
[SourceVersion "1"]
[SourceVersionDate "2014.08.29"]
[SourceQuality "1"]

1. c4 Nf6 2. Nc3 e6 3. Nf3 Bb4 4. e3 0-0 5. d4 d5 6. Qb3 Be7 7. Bd2 c6 8. Bd3 Nbd7 9. 0-0 Qb6 10. Qc2 dxc4 11. Bxc4 Nd5 12. e4 Nxc3 13. bxc3 Qc7 14. e5 Re8 15. Qe4 Nf8 16. h4 f5 17. exf6 Bxf6 18. Rfe1 Kh8 19. g4 Bd7 20. Bf4 Qc8 21. g5 Bd8 22. Ne5 Re7 23. h5 Bc7 24. Re3 Be8 25. Rh3 Bxe5 26. Bxe5 Nd7 27. Bd3 Nf8 28. h6 Ng6 29. hxg7+ Kg8 30. Qf3 Rf7 31. Qh5 1-0

[Event "Feffernitz Raika op 22nd"]
[Site "Feffernitz"]
[Date "2013.08.23"]
[Round "7"]
[White "Frey, Armin"]
[Black "Gruber, Othmar"]
[Result "1-0"]
[WhiteElo "1981"]
[BlackElo "1792"]
[PlyCount "57"]
[EventDate "2013.08.18"]
[EventType "swiss"]
[EventRounds "9"]
[EventCountry "AUT"]
[SourceTitle "CBM 156 Extra"]
[Source "ChessBase"]
[SourceDate "2013.10.22"]
[SourceVersion "1"]
[SourceVersionDate "2013.10.22"]
[SourceQuality "1"]

1. f4 Nf6 2. e3 d5 3. c4 c6 4. Nf3 e6 5. Nc3 Bb4 6. a3 Be7 7. d4 0-0 8. Bd3 dxc4 9. Bxc4 Nbd7 10. 0-0 c5 11. Kh1 Nb6 12. Bb3 cxd4 13. exd4 Nbd5 14. Qe2 a6 15. Ne5 Bd7 16. Bd2 Be8 17. Nxd5 exd5 18. Rfe1 Bd6 19. Bc3 Bb5 20. Qf3 Bc6 21. Rad1 Ne4 22. Re2 Kh8 23. f5 f6 24. Ng6+ hxg6 25. Rxe4 gxf5 26. Qxf5 g5 27. Bxd5 Bd7 28. Qg6 f5 29. Qh6# 1-0

[Event "Feffernitz Raika op 20th"]
[Site "Feffernitz"]
[Date "2011.08.22"]
[Round "3"]
[White "Logar, Metod"]
[Black "Gruber, Othmar"]
[Result "1/2-1/2"]
[WhiteElo "2044"]
[BlackElo "1816"]
[PlyCount "80"]
[EventDate "2011.08.21"]
[EventType "swiss"]
[EventRounds "9"]
[EventCountry "AUT"]
[SourceTitle "CBM 144 Extra"]
[Source "ChessBase"]
[SourceDate "2011.10.28"]
[SourceVersion "1"]
[SourceVersionDate "2011.10.28"]
[SourceQuality "1"]

1. e4 c6 2. d4 d5 3. e5 Bf5 4. Be3 e6 5. Nd2 Bb4 6. c3 Ba5 7. f4 Nd7 8. Ngf3 Ne7 9. Be2 h6 10. 0-0 0-0 11. h3 Bb6 12. b4 a5 13. a3 axb4 14. axb4 Bh7 15. Nb3 Qc7 16. Qd2 Rfb8 17. g4 Qd8 18. Bf2 Rxa1 19. Rxa1 Ra8 20. Qb2 Qb8 21. Kh2 Rxa1 22. Qxa1 Qa7 23. Qb2 Be4 24. Nfd2 Bh7 25. Nf1 f5 26. Be3 Bd8 27. Nc5 Nxc5 28. dxc5 b5 29. Bd1 Bc7 30. Ng3 fxg4 31. Bxg4 Bf5 32. Bd1 g5 33. Qf2 Kf7 34. Bh5+ Bg6 35. Qe2 Nf5 36. Nxf5 exf5 37. fxg5 Bxe5+ 38. Kg2 Qd7 39. Bxg6+ Kxg6 40. gxh6 Bxc3 1/2-1/2

[Event "Feffernitz Raika op 19th"]
[Site "Feffernitz"]
[Date "2010.08.22"]
[Round "2"]
[White "Kock, Hans Uwe"]
[Black "Gruber, Othmar"]
[Result "1-0"]
[WhiteElo "2101"]
[BlackElo "1843"]
[PlyCount "83"]
[EventDate "2010.08.22"]
[EventType "swiss"]
[EventRounds "9"]
[EventCountry "AUT"]
[SourceTitle "CBM 138 Extra"]
[Source "ChessBase"]
[SourceDate "2010.10.29"]
[SourceVersion "1"]
[SourceVersionDate "2010.10.29"]
[SourceQuality "1"]

1. d4 Nf6 2. c4 e6 3. Nf3 b6 4. g3 Bb7 5. Bg2 Be7 6. 0-0 0-0 7. Nc3 d5 8. cxd5 exd5 9. Qc2 Nbd7 10. Bf4 c6 11. Rad1 Re8 12. Rfe1 Nh5 13. Bc1 g6 14. e4 dxe4 15. Nxe4 Ndf6 16. Ne5 Nd5 17. Nxc6 Bxc6 18. Qxc6 Rc8 19. Qa4 Bb4 20. Bd2 a5 21. Bxb4 axb4 22. Qb3 Kg7 23. Nd2 Rxe1+ 24. Rxe1 Nhf6 25. Nf3 Rc7 26. h3 Re7 27. Re5 Rd7 28. Bf1 Rd6 29. Bc4 Qd7 30. Kh2 b5 31. Bf1 Qc6 32. Re1 Qa6 33. Rc1 Qa4 34. Rc5 Qxb3 35. axb3 Ne4 36. Rxb5 Nxf2 37. Bc4 Ne3 38. Re5 Nf5 39. Re2 Nd1 40. d5 Nfe3 41. Rd2 Nf1+ 42. Bxf1 1-0

[Event "Feffernitz Raika op 08th"]
[Site "Feffernitz"]
[Date "1999.08.20"]
[Round "6.24"]
[White "Legat, Albert"]
[Black "Gruber, Othmar"]
[Result "1/2-1/2"]
[WhiteElo "1940"]
[BlackElo "1755"]
[PlyCount "43"]
[EventDate "1999.08.??"]
[EventType "swiss"]
[EventRounds "9"]
[EventCountry "AUT"]
[SourceTitle "EXT 2004"]
[Source "ChessBase"]
[SourceDate "2003.11.25"]
[SourceVersion "1"]
[SourceVersionDate "2003.11.25"]
[SourceQuality "1"]

1. e4 c6 2. d4 d5 3. Nc3 dxe4 4. Nxe4 Nd7 5. Nf3 Ngf6 6. Ng3 Nb6 7. Be2 Bg4 8. 0-0 e6 9. a4 Bd6 10. Bg5 Nbd7 11. Ne4 Be7 12. Bxf6 Nxf6 13. Nxf6+ Bxf6 14. c3 0-0 15. h3 Bh5 16. Re1 Qb6 17. b4 a5 18. bxa5 Qxa5 19. Qb3 c5 20. Ne5 Bxe5 21. dxe5 Bxe2 22. Rxe2 1/2-1/2

[Event "Feffernitz Raika op 08th"]
[Site "Feffernitz"]
[Date "1999.08.15"]
[Round "1.12"]
[White "Havranek, Miroslav"]
[Black "Gruber, Othmar"]
[Result "1-0"]
[WhiteElo "2218"]
[BlackElo "1755"]
[PlyCount "54"]
[EventDate "1999.08.??"]
[EventType "swiss"]
[EventRounds "9"]
[EventCountry "AUT"]
[SourceTitle "EXT 2004"]
[Source "ChessBase"]
[SourceDate "2003.11.25"]
[SourceVersion "1"]
[SourceVersionDate "2003.11.25"]
[SourceQuality "1"]

1. e4 c6 2. d4 d5 3. exd5 cxd5 4. c4 Nf6 5. Nc3 e6 6. Nf3 Be7 7. cxd5 Nxd5 8. Bd3 0-0 9. 0-0 Nc6 10. Bb1 a6 11. Re1 Bf6 12. Ne4 Be7 13. a3 Nf6 14. Nc3 b5 15. Bg5 Bb7 16. Qd3 g6 17. b4 Qb6 18. Ba2 Rfd8 19. Rad1 Rd7 20. Bxf6 Bxf6 21. Rxe6 fxe6 22. Bxe6+ Rf7 23. Ne4 Qd8 24. Qb3 Qe7 25. Bxf7+ Kg7 26. Nxf6 Qxf6 27. Ne5 Rc8 1-0

[Event "Feffernitz Raika op 05th"]
[Site "Feffernitz"]
[Date "1996.??.??"]
[Round "?"]
[White "Glawischnig, Armin"]
[Black "Gruber, Othmar"]
[Result "0-1"]
[WhiteElo "1605"]
[BlackElo "1735"]
[PlyCount "132"]
[EventDate "1996.08.??"]
[EventType "swiss"]
[EventRounds "9"]
[EventCountry "AUT"]
[SourceTitle "EXT 2004"]
[Source "ChessBase"]
[SourceDate "2003.11.25"]
[SourceVersion "1"]
[SourceVersionDate "2003.11.25"]
[SourceQuality "1"]

1. d4 Nf6 2. c4 e6 3. Nc3 Bb4 4. Bd2 0-0 5. a3 Be7 6. e3 c5 7. d5 d6 8. h3 b6 9. Nf3 Bb7 10. e4 Re8 11. Be2 Bf8 12. Qc2 exd5 13. cxd5 Qe7 14. Bg5 h6 15. Bxf6 Qxf6 16. Nb5 Qe7 17. 0-0 Na6 18. Nc3 Nc7 19. Rfe1 g6 20. Rad1 Bg7 21. Nb5 Nxb5 22. Bxb5 Rad8 23. b3 a6 24. Bd3 b5 25. Re2 Rc8 26. Nd2 Rc7 27. f4 Rec8 28. Rc1 Qf6 29. e5 Qd8 30. e6 Bxd5 31. exf7+ Bxf7 32. Bxg6 Qf6 33. Bxf7+ Rxf7 34. Rce1 Qxf4 35. Re8+ Rxe8 36. Rxe8+ Rf8 37. Rxf8+ Qxf8 38. a4 Qf5 39. Qe4 Qxe4 40. Nxe4 d5 41. Nxc5 Bd4+ 42. Kf1 Bxc5 43. Ke2 bxa4 44. bxa4 Kf7 45. g4 Ke6 46. h4 Ke5 47. g5 hxg5 48. hxg5 Kf5 49. Kd3 Kxg5 50. Kc3 Kf5 51. Kd2 Ke4 52. Ke2 Kd4 53. Kd2 Kc4 54. Kc2 Kb4 55. Kd3 Kxa4 56. Kc3 Kb5 57. Kb3 a5 58. Ka2 Kc4 59. Kb2 d4 60. Kc2 d3+ 61. Kd2 a4 62. Kc1 Kc3 63. Kb1 d2 64. Ka2 Kc2 65. Ka1 d1Q+ 66. Ka2 Qb1# 0-1

[Event "Feffernitz Raika op 05th"]
[Site "Feffernitz"]
[Date "1996.??.??"]
[Round "?"]
[White "Gruber, Othmar"]
[Black "Kahlig, Martin"]
[Result "1/2-1/2"]
[WhiteElo "1735"]
[BlackElo "1605"]
[PlyCount "117"]
[EventDate "1996.08.??"]
[EventType "swiss"]
[EventRounds "9"]
[EventCountry "AUT"]
[SourceTitle "EXT 2004"]
[Source "ChessBase"]
[SourceDate "2003.11.25"]
[SourceVersion "1"]
[SourceVersionDate "2003.11.25"]
[SourceQuality "1"]

1. Nc3 Nf6 2. e4 d6 3. Bc4 g6 4. Nf3 Bg7 5. 0-0 Nc6 6. h3 0-0 7. d3 Na5 8. Bb3 Nxb3 9. axb3 Re8 10. Bg5 c5 11. Qd2 Bd7 12. e5 dxe5 13. Nxe5 Bf5 14. Rfe1 Nd7 15. Nf3 Nf6 16. Re2 Qc7 17. Rae1 Rad8 18. Bf4 Qd7 19. Ne5 Qc8 20. Qc1 Bd7 21. Nxd7 Qxd7 22. Bg5 Rc8 23. Qa1 b6 24. Qa6 e6 25. Ra1 Ra8 26. Ra2 Qc8 27. Qxc8 Rexc8 28. Nb5 a5 29. Nd6 Rc6 30. Nc4 Nd5 31. Bd2 Rac8 32. Ne3 Nxe3 33. Bxe3 Rd8 34. Bf4 Rcc8 35. Kf1 Kf8 36. Bd2 Bf6 37. Re3 Bd4 38. Re4 Bf6 39. Bc3 Be7 40. Raa4 Rd7 41. Ke2 Bg5 42. f4 Be7 43. g4 h6 44. Kf3 Bh4 45. f5 exf5 46. gxf5 g5 47. Re5 Rd6 48. Rae4 h5 49. Re2 Rcd8 50. Kg2 Rd5 51. Rxd5 Rxd5 52. Re5 Rd8 53. Kf3 Rd7 54. Kg2 Re7 55. d4 Rxe5 56. dxe5 Ke7 57. Kf3 Kd7 58. Bd2 Kc6 59. Ke4 1/2-1/2